| 000 | 00513nam a2200169Ia 4500 | ||
|---|---|---|---|
| 008 | 220216s9999 xx 000 0 und d | ||
| 100 | _aJayasuriya K E | ||
| 245 | 0 | _aVariability in defence responses of rubber genotypes against Phytophthora meadii infections | |
| 260 |
_bJournal of the Rubber Research Institute of Sri Lanka _c2005 |
||
| 300 | _a46-55 | ||
| 520 | _aDL | ||
| 650 | _aPhytophthora leaf disease | ||
| 650 | _aPR-proteins | ||
| 650 | _aTolerance | ||
| 700 | _aWijesundera R L C | ||
| 942 | _cJS | ||
| 999 |
_c72082 _d72082 |
||